000 00920nam a2200301Ia 4500
003 OSt
005 20221007121521.0
006 a|||||r|||| 00| 0
007 ta
008 221006b |||||||| |||| 00| 0 eng d
020 _a9781780647678 (hbk)
024 _a199941
037 _b070, 05/02/2019, N R Book Distributors
_cTextual
040 _aBDL
_cBDL
_beng
041 _2eng
_aeng
082 _aI:6, Q7 Carb
100 _aDalmay Tamas
_9712248
245 0 _aPlant gene silencing: Mechanism and applications
260 _aOxfordshrie
_bCABI
_c2017
300 _ax, 213p. ill.
_ccm.
490 _aCABI biotechnology series
500 _aIndex 209-213p.
650 _a Gene silencing
_9710761
650 _a Plant gene silencing
_9712249
650 _aBotany
942 _hI:6, Q7 Carb
_cTEXL
_2CC
999 _c1208980
_d1208980